Statistiques concernant Agents du CP9

Cliquez ici pour prendre le quiz!

Statistiques générales

  • Ce quiz a été pris 16 fois
  • Le résultat moyen est 7 sur 11

Statistiques - réponses

HintRéponse% Correct
GirafeKaku
100%
PortierBlueno
93%
LeopardRob Lucci
86%
Seule femmeKalifa
79%
Dirigeants du CP9Spandam
79%
LoupJabura
64%
Pigeon de ce dernierHattori
50%
ApprentiNero
43%
Epée de ce dernierFunkfreed
36%
PipeletteFukuro
29%
Cheveux rosesKumadori
29%

Distribution des résultats

Percentile par nombre de réponses

% des personnes avec chaque résultat

Votre développement - résultats

Vous n’avez pas pris ce quiz